Listinné cenné papiere

Z obsahu: Od začiatku tohto roka sa na Slovensku opäť emitujú listinné cenné papiere. Obchodovanie s listinnými cennými papiermi je nekontrolovateľné. Emitent sa opäť môže rozhodnúť, či vydá listinné alebo dematerializované cenné papiere. Úschovu cenných papierov zabezpečujú bankové ústavy. Listinné...

ver descrição completa

Na minha lista:
Detalhes bibliográficos
Autor principal: Palko, F.
Outros Autores: Straková, A.
Formato: Capítulo de Livro
Idioma:eslovaco
Assuntos:
Tags: Adicionar Tag
Sem tags, seja o primeiro a adicionar uma tag!

MARC

LEADER 00000naa a2200000 4500
001 r026009
005 20230921080433.4
041 0 |a slo 
044 |a SK 
245 1 0 |a Listinné cenné papiere  |c F. Palko, A. Straková 
520 |a Z obsahu: Od začiatku tohto roka sa na Slovensku opäť emitujú listinné cenné papiere. Obchodovanie s listinnými cennými papiermi je nekontrolovateľné. Emitent sa opäť môže rozhodnúť, či vydá listinné alebo dematerializované cenné papiere. Úschovu cenných papierov zabezpečujú bankové ústavy. Listinné cenné papiere prepravujú bezpečnostné služby. 
610 2 0 |a papiere cenné 
610 2 0 |a emisia 
610 2 0 |a emitenti 
610 2 0 |a trh kapitálový 
610 2 0 |a banky 
610 2 0 |a Slovensko 
100 1 |a Palko, F. 
700 1 |a Straková, A.